Online Catalogue and eLibrary

The co-operative system and rural credit in Sri Lanka (Record no. 2678)

MARC details
000 -LEADER
fixed length control field 00609nam a2200145Ia 4500
005 - DATE AND TIME OF LATEST TRANSACTION
control field 20240516014431.0
008 - FIXED-LENGTH DATA ELEMENTS--GENERAL INFORMATION
fixed length control field 240331s9999 xx 000 0 und d
082 ## - DDC Classification
Item Number - Author Mark COO
Class No. 332.71
245 #4 - TITLE STATEMENT
Title The co-operative system and rural credit in Sri Lanka
Statement of responsibility, etc. Marga Publications
250 ## - EDITION STATEMENT
Edition statement 1 st
260 ## - PUBLICATION, DISTRIBUTION, ETC.
Place of publication, distribution, etc. Colombo
Name of publisher, distributor, etc. Swastika Press
Date of publication, distribution, etc. 1974
300 ## - PHYSICAL DESCRIPTION
Extent (e.g. Volumes, Pages etc.) v, 174 p .,
500 ## - GENERAL NOTE
General note This study seeks to survey the credit needs of farmers principally the paddy cultivators the schemes organized by the state to meet theses needs, through the co - operative system, and the uses and benefits accruing from them
942 ## - Koha item type (Biblio)
Koha item type Books in Stacks (Lending)
Holdings
Lost status Damaged status Collection code Home library Current library Shelving location Date acquired Full call number Accession Number Item type
    Lending WERC Library WERC Library Social Science Cupboard 03/31/2024 332.71 COO 98 Books in Stacks (Lending)

© WERC Library